Business research methods
Saved in:
| Main Author: | |
|---|---|
| Other Authors: | |
| Format: | Book |
| Language: | English |
| Published: |
New York
Oxford University Press
2007
|
| Edition: | 2nd ed. |
| Subjects: | |
| Tags: |
No Tags, Be the first to tag this record!
|
MARC
| LEADER | 00000nam$a2200000$$$4500 | ||
|---|---|---|---|
| 001 | 0107972 | ||
| 005 | 20240226124237.4 | ||
| 020 | |a 978-0-19-928498-6 | ||
| 041 | 0 | |a eng | |
| 044 | |a US | ||
| 245 | 1 | 0 | |a Business research methods |c Alan Bryman, Emma Bell |
| 250 | |a 2nd ed. | ||
| 264 | 1 | |a New York |b Oxford University Press |c 2007 | |
| 300 | |a 786 s. | ||
| 610 | 2 | 0 | |a metódy výskumu |
| 610 | 2 | 0 | |a podnikanie |
| 610 | 2 | 0 | |a obchod |
| 610 | 2 | 0 | |a projekty |
| 610 | 2 | 0 | |a podnik |
| 610 | 2 | 0 | |a správanie |
| 610 | 2 | 0 | |a riadenie |
| 610 | 2 | 0 | |a stratégia podniková |
| 610 | 2 | 0 | |a organizácie |
| 610 | 2 | 0 | |a štúdie |
| 610 | 2 | 0 | |a riadenie ľudských zdrojov |
| 610 | 2 | 0 | |a marketing |
| 610 | 2 | 0 | |a internet |
| 100 | 1 | |a Bryman, Alan | |
| 700 | 1 | |a Bell, Emma | |